| 000 | 00883cam a2200289 i 4500 | ||
|---|---|---|---|
| 001 | 768714001 | ||
| 003 | CO-MdFUSB | ||
| 005 | 20240622090113.0 | ||
| 007 | ta | ||
| 008 | 240622t2001 -us||||| |||| 00| 0 spa d | ||
| 020 | _a1-928980-11-2 | ||
| 040 | _cCO-MdFUSB | ||
| 041 | 0 | _aspa | |
| 082 | 0 | 4 |
_224 _a234.3 _bO971v |
| 100 | 1 |
_aOwen, John (1616-1683) _eautor |
|
| 245 | 1 | 0 |
_aVida por su muerte : _bUna versión simplificada y abreviada de la versión clásica en ingles. "La muerte de la muerte, en la muerte de Cristo" _c/ John Owen ; editado por J. K. Davies |
| 250 | _a2 | ||
| 264 | 1 |
_bPublicaciones Faro de Gracia, _aGraham, USA : _c[2001] |
|
| 264 | 4 | _c©2001 | |
| 300 | _a82 Pag | ||
| 336 |
_atexto _btxt _2rdacontent |
||
| 337 |
_2rdamedia _asin mediación _bn |
||
| 338 |
_2rdacarrier _avolumen _bnc |
||
| 653 | _aSoteriología | ||
| 942 | _cBK | ||
| 945 | _amiguel | ||
| 999 |
_c40231 _d40231 |
||